Easy General Knowledge Quiz - Statistics

General Stats
  • This quiz has been taken 150 times
  • The average score is 10 of 15
Answer Stats
Answer % Correct
What country did pizza and pasta originate from? Italy
93%
Who is the current Queen? Queen Elizabeth II
92%
What city is the Golden Gate Bridge located at? San Francisco
87%
What is 2 x 3 + 7 - 9? 4
86%
Which Pixar movie tells the story about a clownfish being captured and his father trying to save him? Finding Nemo
86%
Who is the world's most famous scientist? Albert Einstein
83%
Who founded Apple? Steve Jobs
82%
What gaming company made Need for Speed, Fifa and Apex Legends? Electronic Arts
79%
In the nursery rhyme, what did the cow jump over? The moon
67%
Who voiced Woody in the Toy Story franchise? Tom Hanks
56%
What was the first film ever produced by Disney in 1937? Snow White and the 7 dwarfs
52%
Who is the only F1 driver to have equalized Michael Schumacher's record? Lewis Hamilton
37%
What car company produced the Diablo, Gallardo and Aventador? Lamborghini
34%
Which country hosted the 2000 Olympics? Australia
29%
What is the highest-grossing movie to date? Avengers: Endgame
23%
No matching quizzes found
Score Distribution
Percent of People with Each Score
Percentile by Number Answered
Your Score History
You have not taken this quiz